Find the Secret One Piece Character - Statistics

General Stats
  • This quiz has been taken 124 times
  • The average score is 11 of 21
Answer Stats
Shuffle Character % Correct
NEEL Enel
100%
OBEP Bepo
97%
YXOF Foxy
97%
YUFLF Luffy
97%
LPWAO Wapol
95%
UNQEE Queen
93%
RODYR Dorry
80%
GGYUB Buggy
78%
REMKOS Smoker
50%
MOTAYA Yamato
48%
DAIVLA Alvida
47%
EFITALFT Laffitte
45%
NKVEAGPU Vegapunk
43%
LECODCIOR Crocodile
30%
ADHLRA Harald
28%
SUKAAWATM Kawamatsu
27%
TROMOBAELO Bartolomeo
22%
GRANSOM Morgans
13%
HIKUMNAMOSE Nekomamushi
7%
KUGONES Sengoku
7%
Secret Character Prometheus
2%
No matching quizzes found
Score Distribution
Percent of People with Each Score
Percentile by Number Answered
Your Score History
You have not taken this quiz